Economics of water resources planning / (Record no. 13559)

MARC details
000 -LEADER
fixed length control field 00658nam a2200181 a 4500
020 ## - INTERNATIONAL STANDARD BOOK NUMBER
ISBN 0070322635 (hardcover)
020 ## - INTERNATIONAL STANDARD BOOK NUMBER
ISBN 9780070322639 (hardcover)
100 1# - MAIN ENTRY--AUTHOR NAME
Personal name James, L. Douglas.
245 10 - TITLE STATEMENT
Title Economics of water resources planning /
260 ## - PUBLICATION, DISTRIBUTION, ETC. (IMPRINT)
Place of publication [S.l.] :
Name of publisher McGraw-Hill Inc.,US,
Year of publication 1971.
300 ## - PHYSICAL DESCRIPTION
Number of Pages 640 p. ;
520 ## - SUMMARY, ETC.
Summary, etc ECONOMICS OF WATER RESOURCES INDUSTRY: METHODS AND MADNESS.
700 1# - ADDED ENTRY--PERSONAL NAME
Personal name Lee, Robert R.
856 40 - ELECTRONIC LOCATION AND ACCESS
Uniform Resource Identifier http://www.amazon.com/exec/obidos/ASIN/0070322635/chopaconline-20
Holdings
Withdrawn status Lost status Home library Current library Date acquired Cost, normal purchase price Full call number Accession Number Koha item type
    Central Library, QUEST, Nawabshah Central Library, QUEST, Nawabshah 03/08/2015 137.00 628.1JAM 10162 Books
    Central Library, QUEST, Nawabshah Central Library, QUEST, Nawabshah 03/08/2015 137.00 628.1JAM 10163 Books